000 00300nam a2200109Ia 4500
008 230907s9999||||xx |||||||||||||| ||und||
082 _a662.62
_bMIL-C
100 _aMiller, Bruce G.,
245 0 _aCoal energy systems
260 _aElsevier Academic Press,
_bAmsterdam ; | Boston :
_c2005
942 _cBK
999 _c596165
_d596165